MARC

Tag First Indicator Second Indicator Subfields
LEADER 00000cam a2200000 a 4500
001 in00001410178
005 20151020060913.0
008 961203s1997 nbu b s001 0 eng
010 |a  96052793  
020 |a 0803231954 (cloth : alk. paper) 
035 |a (OCoLC)36066126 
035 |9 AHN8146AM 
040 |a DLC  |c DLC  |d TXA  |d UtOrBLW 
049 |a TXAM 
050 0 0 |a PR2358  |b .M34 1997 
082 0 0 |a 821/.3  |2 21 
100 1 |a Mallette, Richard,  |d 1949- 
245 1 0 |a Spenser and the discourses of Reformation England /  |c Richard Mallette. 
264 1 |a Lincoln :  |b University of Nebraska Press,  |c [1997] 
264 4 |c ©1997 
300 |a x, 289 pages ;  |c 23 cm. 
336 |a text  |b txt  |2 rdacontent 
337 |a unmediated  |b n  |2 rdamedia 
338 |a volume  |b nc  |2 rdacarrier 
504 |a Includes bibliographical references (pages [213]-278) and index. 
600 1 0 |a Spenser, Edmund,  |d 1552?-1599.  |t Faerie queene. 
650 0 |a Christianity and literature  |z England  |x History  |y 16th century. 
650 0 |a Protestantism and literature  |x History  |y 16th century. 
650 0 |a Epic poetry, English  |x History and criticism. 
600 1 0 |a Spenser, Edmund,  |d 1552?-1599  |x Religion. 
650 0 |a Reformation  |z England. 
948 |a c:ktn 
999 |a MARS 
999 f f |s df59d8a0-c362-3bf0-a718-a06f496aa37c  |i ead21be0-0605-36b7-8b74-798e38a2f2fa  |t 0 
952 f f |p normal  |a Texas A&M University  |b College Station  |c Sterling C. Evans Library  |d Evans: Library Stacks  |t 0  |e PR2358 .M34 1997  |h Library of Congress classification  |i unmediated -- volume  |m A14822142281 
998 f f |a PR2358 .M34 1997  |t 0  |l Evans: Library Stacks